000 00276nam a2200109Ia 4500
001 588720
005 20250717120836.0
008 250717s9999 xx 000 0 und d
245 0 _aZ-1 İSTİKLAL MARŞI YAZILIYOR
_cSEMA DEVİR
260 _bERDEM YAYINLARI
_c2020
300 _b95
999 _c588720
_d588720